Revista de Cuba... de Ciencias, Derecho, Literatura y Bellas Artes (Record no. 5128)

MARC details
000 -LEADER
campo de control de longitud fija 00983npm a2200253 4500
001 - NÚMERO DE CONTROL
campo de control 5128
003 - IDENTIFICADOR DE NÚMERO DE CONTROL
campo de control ES-MaACL
005 - FECHA Y HORA DE LA ÚLTIMA TRANSACCIÓN
campo de control 20230908151503.0
007 - CAMPO FIJO DE DESCRIPCIÓN FÍSICA--INFORMACIÓN GENERAL
campo de control de longitud fija hzrazu bucu
008 - DATOS DE LONGITUD FIJA--INFORMACIÓN GENERAL
campo de control de longitud fija 891031r19891877cu a a 00010 spa d
080 ## - NÚMERO DE LA CLASIFICACIÓN DECIMAL UNIVERSAL
Número de la Clasificación Decimal Universal 05(729.1) Revista de Cuba
080 ## - NÚMERO DE LA CLASIFICACIÓN DECIMAL UNIVERSAL
Número de la Clasificación Decimal Universal 05(729.1)
245 00 - MENCIÓN DEL TÍTULO
Título Revista de Cuba... de Ciencias, Derecho, Literatura y Bellas Artes
Resto del título : [Microforma].
260 ## - PUBLICACIÓN, DISTRIBUCIÓN, ETC.
Lugar de publicación, distribución, etc. Madrid :
Nombre del editor, distribuidor, etc. Ateneo Cientifico, Literario y Artistico,
Fecha de publicación, distribución, etc. 1989.
300 ## - DESCRIPCIÓN FÍSICA
Extensión 2 carretes de microfilme :
Otras características físicas negativo, il. ;
Dimensiones 16 mm.
500 ## - NOTA GENERAL
Nota general Publicado originalmente: La Habana, La Propaganda Literaria, 1877-1895, periodicidad quincenal y mensual.
500 ## - NOTA GENERAL
Nota general Variante de titulo: Revista Cubana.
505 8# - NOTA DE CONTENIDO CON FORMATO
Nota de contenido con formato Carrete n. 1: 1877 y 1893, 1er. semestre -- Carrete n. 2: 1893, 2o. semestre a 1895, 1er. semestre
650 14 - PUNTO DE ACCESO ADICIONAL DE MATERIA--TÉRMINO DE MATERIA
Término de materia o nombre geográfico como elemento de entrada Obras de 1800.
9 (RLIN) 15662
740 0# - ENTRADA AGREGADA--TÍTULO RELACIONADO/ANALÍTICO NO CONTROLADO
Título relacionado o analítico no controlado Revista Cubana.
852 ## - LOCALIZACIÓN
Ubicación ES-MaACL
Número de control de estantería MC-5-6
itemnumber 5245
Ubicación en estantería Depósito 1
942 ## - ELEMENTOS DE ENTRADA SECUNDARIOS (KOHA)
Fuente del sistema de clasificación o colocación Clasificación decimal universal
Tipo de ítem Koha Microforma
Holdings
Estatus retirado Estado de pérdida Fuente del sistema de clasificación o colocación Estado de daño No para préstamo Colección Biblioteca de origen Biblioteca actual Ubicación en estantería Fecha de adquisición Total de préstamos Signatura topográfica completa Código de barras Visto por última vez Precio de reemplazo Tipo de ítem Koha
    Clasificación decimal universal     Periódicos y Revistas Biblioteca del Ateneo de Madrid Biblioteca del Ateneo de Madrid Depósito 1 17/01/2008   MC-5-6 1005191 23/02/2023 23/02/2023 Microforma